[Event "4NCL Division Four"]
[Site "Warwick, ENG"]
[Date "2024.03.09"]
[Round "7.82"]
[White "Rubeck, Jonathan"]
[Black "Agarwal, Aditi"]
[Result "1-0"]
[WhiteElo "1945"]
[BlackElo "1592"]
[PlyCount "93"]
[EventDate "2024.03.09"]
[WhiteTeam "Watford A"]
[BlackTeam "She Plays To Win Uni"]

1. e4 d5 2. exd5 Qxd5 3. Nc3 Qa5 4. d4 c6 5. Nf3 Nf6 6. Bd2 Qc7 7. Bd3 Bg4 8.
Qe2 e6 9. O-O-O Nbd7 10. h3 Bh5 11. g4 Bg6 12. Bxg6 hxg6 13. Ng5 Bd6 14. Qf3
Nb6 15. Nce4 Nxe4 16. Nxe4 Nc4 17. Bc3 O-O-O 18. Nxd6+ Rxd6 19. Bb4 Rd7 20. b3
Qb6 21. Bc5 Qa5 22. bxc4 Qxa2 23. Qc3 Qa6 24. Kb2 b6 25. Ba3 Rhd8 26. Rd3 b5
27. c5 Qa4 28. Bb4 a5 29. Bxa5 b4 30. Qxb4 Qxb4+ 31. Bxb4 Rxd4 32. Kc3 Rf4 33.
Rxd8+ Kxd8 34. Rd1+ Ke7 35. Rd6 Rf3+ 36. Kc4 Rf4+ 37. Kb3 Rxf2 38. Rxc6 Rf3+
39. c3 Rxh3 40. Rc7+ Ke8 41. c6 Rd3 42. Re7+ Kd8 43. Rxf7 Rd5 44. Rxg7 g5 45.
Kc4 Kc8 46. Re7 Re5 47. Bd6 1-0

[Event "4NCL Division Four"]
[Site "Warwick, ENG"]
[Date "2024.03.09"]
[Round "7.83"]
[White "Dorman, Orla"]
[Black "Lancaster, Roger"]
[Result "1/2-1/2"]
[WhiteElo "1493"]
[BlackElo "1955"]
[PlyCount "47"]
[EventDate "2024.03.09"]
[WhiteTeam "She Plays To Win Uni"]
[BlackTeam "Watford A"]

1. e4 e6 2. d4 d5 3. Nd2 c5 4. exd5 Qxd5 5. Ngf3 cxd4 6. Bc4 Qd6 7. O-O Nf6 8.
Nb3 Nc6 9. Nbxd4 Nxd4 10. Qxd4 Bd7 11. Bf4 Qxd4 12. Nxd4 Be7 13. Rfe1 O-O 14.
Rad1 Rac8 15. Bd3 Nd5 16. Bg3 Bf6 17. Be4 Rc4 18. c3 Rfc8 19. Nf5 Rxe4 20. Rxe4
exf5 21. Rxd5 Be6 22. Red4 Bxd4 23. Rxd4 Kf8 24. Kf1 1/2-1/2

[Event "4NCL Division Four"]
[Site "Warwick, ENG"]
[Date "2024.03.09"]
[Round "7.84"]
[White "Dairi, Ramsey"]
[Black "Ravi, Vash"]
[Result "1/2-1/2"]
[WhiteElo "1817"]
[BlackElo "1434"]
[PlyCount "82"]
[EventDate "2024.03.09"]
[WhiteTeam "Watford A"]
[BlackTeam "She Plays To Win Uni"]

1. e4 e6 2. d4 d5 3. Nc3 Bb4 4. Nge2 dxe4 5. a3 Be7 6. Nxe4 f5 7. N4c3 Nf6 8.
Bg5 O-O 9. Qd2 a6 10. O-O-O b5 11. Bxf6 Rxf6 12. d5 b4 13. axb4 Bxb4 14. dxe6
Qxd2+ 15. Rxd2 Bxe6 16. g3 Nd7 17. Bg2 Rb8 18. Rhd1 Nc5 19. Rd8+ Rxd8 20. Rxd8+
Rf8 21. Rd4 a5 22. Nd5 Be1 23. Nxc7 Bxf2 24. Nxe6 Nxe6 25. Bd5 Re8 26. Ra4 Kf8
27. Bxe6 Rxe6 28. Rxa5 Rxe2 29. Rxf5+ Ke7 30. Kd1 Re1+ 31. Kd2 Bxg3 32. hxg3
Rg1 33. Rf3 g5 34. c4 g4 35. Ra3 Rg2+ 36. Kc1 Kd6 37. b4 h5 38. Ra6+ Ke5 39.
Rh6 Kd4 40. c5 Kc3 41. Kd1 Kxb4 1/2-1/2

[Event "4NCL Division Four"]
[Site "Warwick, ENG"]
[Date "2024.03.09"]
[Round "7.85"]
[White "Khunda, Deema"]
[Black "Salvi, Amit"]
[Result "0-1"]
[WhiteElo "1464"]
[BlackElo "1490"]
[PlyCount "76"]
[EventDate "2024.03.09"]
[WhiteTeam "She Plays To Win Uni"]
[BlackTeam "Watford A"]

1. d4 f5 2. c4 e6 3. Nf3 Nf6 4. Nc3 d5 5. cxd5 exd5 6. Bg5 Be7 7. e3 c6 8. Bd3
Ne4 9. Bf4 O-O 10. Qc2 a5 11. Nd2 Bd6 12. Bxd6 Qxd6 13. f3 Ng5 14. O-O-O Na6
15. Qb3 b5 16. e4 a4 17. Qc2 Nb4 18. Qb1 dxe4 19. fxe4 Qxd4 20. Bc2 a3 21. Rhe1
axb2+ 22. Qxb2 Qxc3 23. Qxc3 Nxa2+ 24. Kb2 Nxc3 25. Kxc3 Nxe4+ 26. Nxe4 fxe4
27. Bxe4 Bf5 28. Bf3 Ra4 29. Kb3 Rc4 30. Rd6 Rf6 31. Rd8+ Kf7 32. Ree8 Kg6 33.
h4 Rxh4 34. Rb8 c5 35. Rxb5 Bd7 36. Re4 Rxf3+ 37. gxf3 Rxe4 38. fxe4 Bxb5 0-1

[Event "4NCL Division Four"]
[Site "Warwick, ENG"]
[Date "2024.03.09"]
[Round "7.86"]
[White "Dairi, Mahmoud"]
[Black "Haridas, Navieinaah"]
[Result "0-1"]
[WhiteElo "1308"]
[BlackElo "1186"]
[PlyCount "77"]
[EventDate "2024.03.09"]
[WhiteTeam "Watford A"]
[BlackTeam "She Plays To Win Uni"]

1. e4 e5 2. Nf3 Nc6 3. Bc4 Bc5 4. b4 Bxb4 5. c3 Ba5 6. d4 exd4 7. Qb3 h6 8.
Bxf7+ Kf8 9. O-O dxc3 10. Bd5 Nge7 11. Nxc3 Bxc3 12. Qxc3 Nxd5 13. exd5 Ne7 14.
Bb2 Rg8 15. Rad1 d6 16. Rfe1 Kf7 17. Qe3 Nf5 18. Qc3 g5 19. Nd4 Nxd4 20. Rxd4
Bf5 21. Qf3 Qf6 22. Rb4 g4 23. Rxb7 gxf3 24. Bxf6 Kxf6 25. g3 Rge8 26. Rxe8
Rxe8 27. h4 Bh3 28. Rxc7 Re1+ 29. Kh2 Bg2 30. g4 Rh1+ 31. Kg3 Ke5 32. Re7+ Kxd5
33. h5 Rh3+ 34. Kf4 Bf1 35. Re3 Be2 36. Kf5 Rh2 37. Re6 Bd3+ 38. Kf6 Rxf2 39.
Kg7 0-1

[Event "4NCL Division Four"]
[Site "Warwick, ENG"]
[Date "2024.03.09"]
[Round "7.91"]
[White "Robinson, James"]
[Black "Mesesan, Mircea-Marius"]
[Result "1/2-1/2"]
[WhiteElo "1850"]
[BlackElo "1973"]
[PlyCount "173"]
[EventDate "2024.03.09"]
[WhiteTeam "Barnet Knights C"]
[BlackTeam "Wessex B"]

1. d4 Nf6 2. Nf3 e6 3. h3 c5 4. c3 Nc6 5. e3 a6 6. Bd3 d5 7. dxc5 Bxc5 8. O-O
O-O 9. b4 Bd6 10. Nbd2 Ne5 11. Nxe5 Bxe5 12. Bb2 a5 13. a3 axb4 14. axb4 Bd7
15. Rxa8 Qxa8 16. Qb3 Ba4 17. Qa3 b5 18. Re1 Qb7 19. Nf3 Bd6 20. Qa2 Rc8 21.
Rc1 Nd7 22. Qb1 h6 23. Re1 Nf6 24. e4 dxe4 25. Bxe4 Nxe4 26. Qxe4 Qxe4 27. Rxe4
Bc2 28. Rd4 Bf8 29. Rd7 Be4 30. Nd4 e5 31. Nb3 Bc6 32. Rd3 f6 33. Bc1 Be4 34.
Re3 Bd5 35. Nc5 Bxc5 36. bxc5 Rxc5 37. Ba3 Rc7 38. Bb4 Kf7 39. f3 Ra7 40. Re2
Kg6 41. Kf2 Kf5 42. Rd2 Bc4 43. Ke3 h5 44. Bc5 Ra1 45. Rd7 Ra2 46. Rd2 Rxd2 47.
Kxd2 Bf1 48. g4+ Kg5 49. Bf8 Bxh3 50. gxh5 Kh6 51. Ke3 Be6 52. f4 exf4+ 53.
Kxf4 Bf7 54. Kg4 Bxh5+ 55. Kh4 Be2 56. Kg3 Kg6 57. Kf4 Kf7 58. Bc5 g5+ 59. Ke3
Bc4 60. Bd4 f5 61. Kf3 Kg6 62. Kg3 f4+ 63. Kg4 Be2+ 64. Kh3 Kh5 65. Be5 Bf1+
66. Kh2 Kg6 67. Kg1 Kf5 68. Bd4 Bc4 69. Kf2 g4 70. Kg2 Ke4 71. Bf6 Ke3 72. Bg5
Bd5+ 73. Kf1 Kf3 74. Bf6 Bc4+ 75. Kg1 Ke2 76. Bd4 Kd3 77. Be5 Ke4 78. Bd6 g3
79. Kg2 Bd5 80. Kf1 Kf3 81. Be5 g2+ 82. Kg1 Ke3 83. Bf6 f3 84. Bg5+ Ke2 85. Bh4
Bc6 86. Bg3 Ke3 87. Bh4 1/2-1/2

[Event "4NCL Division Four"]
[Site "Warwick, ENG"]
[Date "2024.03.09"]
[Round "7.92"]
[White "Coburn, Joseph A"]
[Black "Bloom, Paul"]
[Result "0-1"]
[WhiteElo "1737"]
[BlackElo "1740"]
[PlyCount "68"]
[EventDate "2024.03.09"]
[WhiteTeam "Wessex B"]
[BlackTeam "Barnet Knights C"]

1. e4 c6 2. d4 d5 3. exd5 cxd5 4. Nf3 Nf6 5. c3 Bg4 6. Qa4+ Bd7 7. Bb5 a6 8.
Bxd7+ Nbxd7 9. Bf4 b5 10. Qd1 e6 11. O-O Nh5 12. Be3 Nhf6 13. Nbd2 Bd6 14. h3
Rc8 15. Rc1 Bb8 16. a4 O-O 17. axb5 axb5 18. Qb3 e5 19. dxe5 Nxe5 20. Nxe5 Bxe5
21. Nf3 Bc7 22. Rfd1 Qd7 23. Bg5 Qf5 24. Bxf6 gxf6 25. Rxd5 Qf4 26. Rcd1 Rce8
27. Qc2 Re5 28. Qd2 Qxd2 29. R1xd2 Rfe8 30. Rd1 b4 31. R5d4 bxc3 32. bxc3 Re2
33. R4d2 R8e4 34. Nd4 Re1+ 0-1

[Event "4NCL Division Four"]
[Site "Warwick, ENG"]
[Date "2024.03.09"]
[Round "7.93"]
[White "Michener, Max"]
[Black "Smith, Steven J"]
[Result "0-1"]
[WhiteElo "1544"]
[BlackElo "1721"]
[PlyCount "80"]
[EventDate "2024.03.09"]
[WhiteTeam "Barnet Knights C"]
[BlackTeam "Wessex B"]

1. e4 e6 2. d4 d5 3. e5 c5 4. c3 Nc6 5. Nf3 Bd7 6. Be3 Qb6 7. Qd2 Nh6 8. Bxh6
gxh6 9. g3 Rc8 10. dxc5 Qxc5 11. Bg2 Bg7 12. O-O b5 13. Re1 b4 14. a3 b3 15.
Qd1 Na5 16. Nd4 Ba4 17. Qh5 O-O 18. Nd2 Qb6 19. N2f3 Nc4 20. Rab1 a5 21. g4 Be8
22. Qh3 Rb8 23. g5 hxg5 24. Nxg5 h6 25. Ngf3 a4 26. Re2 Bb5 27. Nxb5 Qxb5 28.
Nd4 Qd7 29. f4 Rb6 30. Qg4 f5 31. exf6 Rxf6 32. Bh3 Qf7 33. Qh4 Qg6+ 34. Kf2
Qxb1 35. Bxe6+ Rbxe6 36. Nxe6 Nd6 37. Nxg7 Kxg7 38. Re7+ Nf7 39. Qg4+ Qg6 40.
Qd7 Rxf4+ 0-1

[Event "4NCL Division Four"]
[Site "Warwick, ENG"]
[Date "2024.03.09"]
[Round "7.94"]
[White "Syed, Ashraf"]
[Black "Horwood, Alexander"]
[Result "1-0"]
[WhiteElo "1640"]
[BlackElo "1503"]
[PlyCount "67"]
[EventDate "2024.03.09"]
[WhiteTeam "Wessex B"]
[BlackTeam "Barnet Knights C"]

1. d4 Nf6 2. Bf4 g6 3. Nc3 d5 4. e3 Bg7 5. h4 O-O 6. h5 Nxh5 7. Rxh5 gxh5 8.
Qxh5 f5 9. Qh2 e5 10. Bxe5 Bxe5 11. Qxe5 Qd6 12. Qxd5+ Qxd5 13. Nxd5 Rf7 14.
Bc4 Be6 15. Nxc7 Rxc7 16. Bxe6+ Kg7 17. O-O-O Nd7 18. Bxf5 Rac8 19. Nf3 Rxc2+
20. Bxc2 Nb6 21. Rh1 h6 22. Rh5 Nd7 23. Kb1 b6 24. Bf5 Rc7 25. Bxd7 Rxd7 26.
Ne5 Rd5 27. Rf5 Ra5 28. Rf7+ Kg8 29. Rc7 Kf8 30. Rh7 Kg8 31. Rxh6 Kg7 32. Rc6
Rd5 33. Rc7+ Kf6 34. Rxa7 1-0

[Event "4NCL Division Four"]
[Site "Warwick, ENG"]
[Date "2024.03.09"]
[Round "7.95"]
[White "Lee, Xander"]
[Black "Wright, George A"]
[Result "1-0"]
[WhiteElo "1365"]
[BlackElo "1352"]
[PlyCount "67"]
[EventDate "2024.03.09"]
[WhiteTeam "Barnet Knights C"]
[BlackTeam "Wessex B"]

1. e4 c6 2. d4 d5 3. exd5 cxd5 4. Nc3 Nf6 5. Nf3 Bg4 6. Bf4 e6 7. Be2 Bd6 8.
Ne5 Bxe2 9. Qxe2 O-O 10. Bg5 Be7 11. h4 h6 12. Bxf6 Bxf6 13. g4 Bxh4 14. O-O-O
Bg5+ 15. Kb1 Nc6 16. Nf3 f6 17. Qxe6+ Rf7 18. Nxg5 fxg5 19. Qg6 Rf6 20. Qd3 a6
21. Rd2 Qd7 22. f3 Re8 23. Ne2 Nb4 24. Qb3 a5 25. Ng3 Kh8 26. Nh5 Rfe6 27. a3
Re3 28. c3 Nd3 29. Qb6 Ne1 30. Nxg7 Nxf3 31. Qxh6+ Kg8 32. Nxe8 Qxe8 33. Qh8+
Kf7 34. Rh7+ 1-0

[Event "4NCL Division Four"]
[Site "Warwick, ENG"]
[Date "2024.03.09"]
[Round "7.96"]
[White "Prabhakaran, Anvikkashri"]
[Black "Wen, Liana"]
[Result "1-0"]
[WhiteElo "1146"]
[BlackElo "1116"]
[PlyCount "77"]
[EventDate "2024.03.09"]
[WhiteTeam "Wessex B"]
[BlackTeam "Barnet Knights C"]

1. d4 Nf6 2. c4 b6 3. Nc3 Bb7 4. Bf4 d6 5. e3 e6 6. Nf3 Qe7 7. Be2 g6 8. O-O
Bg7 9. Bd3 Nc6 10. e4 e5 11. dxe5 dxe5 12. Bg5 Nb4 13. Be2 h6 14. Bd2 Nxe4 15.
Nxe4 Bxe4 16. Qa4+ Nc6 17. c5 Bd5 18. Bb5 Qd7 19. Rfe1 a6 20. Nxe5 Qc8 21.
Bxc6+ Bxc6 22. Qxc6+ Kf8 23. Qd5 Kg8 24. Qxf7+ Kh7 25. Qxg6+ Kg8 26. Nf7 Rh7
27. Bxh6 Qd7 28. Qe4 Qxf7 29. Qxa8+ Bf8 30. Bxf8 Rh8 31. Re8 Qh5 32. Bh6+ Kf7
33. Rxh8 Qxc5 34. Qf8+ Qxf8 35. Rxf8+ Kg6 36. Rg8+ Kxh6 37. f4 Kh7 38. Rg3 Kh6
39. f5 1-0

[Event "4NCL Division Four"]
[Site "Warwick, ENG"]
[Date "2024.03.09"]
[Round "7.101"]
[White "Beckett, Richard"]
[Black "Mulleady, Peter J"]
[Result "1-0"]
[WhiteElo "1661"]
[BlackElo "1960"]
[PlyCount "37"]
[EventDate "2024.03.09"]
[WhiteTeam "Oxford 4"]
[BlackTeam "Apprentice Woodpushers"]

1. e4 c5 2. Nf3 Nc6 3. Nc3 g6 4. d4 cxd4 5. Nxd4 Bg7 6. Be3 d6 7. Bc4 Nf6 8. f3
Bd7 9. Qd2 Ne5 10. Bb3 Rc8 11. O-O-O Nc4 12. Bxc4 Rxc4 13. h4 Qa5 14. Nb3 Qc7
15. g4 h5 16. e5 Nxg4 17. fxg4 Bxg4 18. exd6 exd6 19. Nb5 1-0

[Event "4NCL Division Four"]
[Site "Warwick, ENG"]
[Date "2024.03.09"]
[Round "7.102"]
[White "Sanada, Tetsuaki"]
[Black "Kovalyova, Taisiya"]
[Result "1-0"]
[WhiteElo "1849"]
[BlackElo "1666"]
[PlyCount "77"]
[EventDate "2024.03.09"]
[WhiteTeam "Apprentice Woodpushers"]
[BlackTeam "Oxford 4"]

1. d4 Nf6 2. Nf3 e6 3. c4 Bb4+ 4. Bd2 Bxd2+ 5. Nbxd2 d5 6. g3 O-O 7. Bg2 b6 8.
O-O Bb7 9. Qc2 Nbd7 10. b4 dxc4 11. Nxc4 Be4 12. Qb2 c5 13. Rac1 Qe7 14. bxc5
bxc5 15. Qa3 Rfc8 16. Ncd2 Bd5 17. Nb3 Rc7 18. Rc2 Rac8 19. Rfc1 Be4 20. Rc4
Nb6 21. Rxc5 Nfd7 22. Rxc7 Qxa3 23. Rxc8+ Nxc8 24. Rxc8+ Nf8 25. Ne5 Qa6 26.
Rd8 Qxe2 27. Bf1 Qxa2 28. Nc5 Qa5 29. Re8 h6 30. Nxe4 Qa4 31. Rd8 Qa5 32. Nc6
Qc7 33. Rc8 Qd7 34. Nc5 Qd6 35. Ne5 Qxd4 36. Ncd7 f6 37. Nxf8 Qd6 38. Nfg6+ Kh7
39. Rh8# 1-0

[Event "4NCL Division Four"]
[Site "Warwick, ENG"]
[Date "2024.03.09"]
[Round "7.103"]
[White "Kocan, Barry A"]
[Black "Rughani, Mahin"]
[Result "0-1"]
[WhiteElo "1516"]
[BlackElo "1654"]
[PlyCount "80"]
[EventDate "2024.03.09"]
[WhiteTeam "Oxford 4"]
[BlackTeam "Apprentice Woodpushers"]

1. e4 c6 2. d4 d5 3. e5 Bf5 4. g4 Be4 5. f3 Bg6 6. e6 Qd6 7. exf7+ Bxf7 8. Bd3
Nd7 9. c3 e5 10. Qe2 O-O-O 11. Be3 Re8 12. Nd2 exd4 13. cxd4 Be7 14. O-O-O Bg5
15. Nf1 Bxe3+ 16. Nxe3 Qf4 17. Re1 Qxd4 18. Nh3 Qc5+ 19. Kb1 d4 20. Qc2 dxe3
21. Qxc5 Nxc5 22. Bf5+ Be6 23. Bxe6+ Rxe6 24. Ng5 Re7 25. Re2 Nf6 26. Kc2 Nd5
27. a3 Nf4 28. Ree1 h6 29. Ne4 Nxe4 30. Rxe3 Nf2 31. Rxe7 Nxh1 32. Rxg7 Nf2 33.
Re7 N2h3 34. Re3 Kd7 35. Kd2 Re8 36. Rxe8 Kxe8 37. Ke3 Ke7 38. Ke4 Ke6 39. a4
Ng2 40. b3 Ng5+ 0-1

[Event "4NCL Division Four"]
[Site "Warwick, ENG"]
[Date "2024.03.09"]
[Round "7.104"]
[White "Gawne, Martin"]
[Black "Rumsby, Stephen"]
[Result "1-0"]
[WhiteElo "1735"]
[BlackElo "1538"]
[PlyCount "67"]
[EventDate "2024.03.09"]
[WhiteTeam "Apprentice Woodpushers"]
[BlackTeam "Oxford 4"]

1. d4 d5 2. Nf3 Nf6 3. e3 Bf5 4. Nbd2 e6 5. Ne5 Nbd7 6. g4 Nxe5 7. gxf5 Nc6 8.
fxe6 fxe6 9. f4 Be7 10. c3 Qd6 11. Rg1 g6 12. Qf3 O-O-O 13. Bd3 Nh5 14. Qh3 Ng7
15. Nf3 Rdf8 16. Bd2 Nd8 17. Ne5 Nf7 18. Nxf7 Rxf7 19. Bxg6 Rf6 20. O-O-O Nf5
21. Rg2 Rff8 22. Bh5 Qa6 23. Kb1 Rd8 24. Be2 Qb6 25. Bd3 Rdf8 26. Bxf5 exf5 27.
Rg7 h6 28. Rxe7 c5 29. Rg1 cxd4 30. exd4 a5 31. Rgg7 a4 32. Qe3 Qb5 33. Rc7+
Kb8 34. Qe7 1-0

[Event "4NCL Division Four"]
[Site "Warwick, ENG"]
[Date "2024.03.09"]
[Round "7.105"]
[White "Matilal, Tamal"]
[Black "Eccleston, Rowan"]
[Result "0-1"]
[WhiteElo "1322"]
[BlackElo "1409"]
[PlyCount "54"]
[EventDate "2024.03.09"]
[WhiteTeam "Oxford 4"]
[BlackTeam "Apprentice Woodpushers"]

1. Nf3 f5 2. Nc3 Nf6 3. d4 e6 4. Bg5 Bb4 5. Qd3 Bxc3+ 6. bxc3 h6 7. Bxf6 Qxf6
8. g3 d6 9. Bg2 Nd7 10. O-O O-O 11. Rae1 Qf7 12. e4 f4 13. d5 e5 14. Qc4 Nc5
15. Nxe5 dxe5 16. Qxc5 f3 17. Bxf3 Qxf3 18. Re3 Qf7 19. f4 Bh3 20. Rf2 Qh5 21.
Re1 exf4 22. Qxc7 fxg3 23. Qxg3 Rxf2 24. Qxf2 Rf8 25. Qd2 Qg4+ 26. Kh1 Qf3+ 27.
Kg1 Qf1+ 0-1

[Event "4NCL Division Four"]
[Site "Warwick, ENG"]
[Date "2024.03.09"]
[Round "7.111"]
[White "Morrison, Munroe L"]
[Black "Sengupta, Sohana"]
[Result "1-0"]
[WhiteElo "1686"]
[BlackElo "1268"]
[PlyCount "85"]
[EventDate "2024.03.09"]
[WhiteTeam "War and Piece B"]
[BlackTeam "She Plays To Win Young Stars B"]

1. e4 c5 2. Nc3 Nc6 3. g3 g6 4. Bg2 Bg7 5. d3 Nf6 6. Be3 d6 7. h3 Bd7 8. f4 Qa5
9. Nge2 Rc8 10. O-O O-O 11. g4 a6 12. Ng3 b5 13. f5 b4 14. Nce2 Ne8 15. c3 Nc7
16. Qd2 Nb5 17. Rfc1 Rfe8 18. g5 bxc3 19. bxc3 Qd8 20. a4 Nc7 21. h4 Ne5 22.
Rf1 Bc6 23. Bh3 Bd7 24. Kg2 Rb8 25. h5 Bf8 26. Nf4 Kg7 27. Qe2 c4 28. d4 Nd3
29. Nxd3 cxd3 30. Qxd3 d5 31. e5 Qc8 32. Rf2 e6 33. fxg6 fxg6 34. Raf1 Kh8 35.
hxg6 Bg7 36. Nh5 Rg8 37. gxh7 Rf8 38. Nf4 Be8 39. g6 Bxa4 40. Nh5 Rxf2+ 41.
Rxf2 Be8 42. Nxg7 Kxg7 43. Bh6+ 1-0

[Event "4NCL Division Four"]
[Site "Warwick, ENG"]
[Date "2024.03.09"]
[Round "7.112"]
[White "Eccleston, Bryony"]
[Black "Chapman, Chas"]
[Result "1/2-1/2"]
[WhiteElo "1269"]
[BlackElo "1549"]
[PlyCount "84"]
[EventDate "2024.03.09"]
[WhiteTeam "She Plays To Win Young Stars B"]
[BlackTeam "War and Piece B"]

1. e4 c5 2. d4 cxd4 3. c3 dxc3 4. Nxc3 Nc6 5. Nf3 g6 6. Bf4 Bg7 7. Nb5 d6 8.
Qb3 Be6 9. Qc2 a6 10. Nc3 Rc8 11. Ng5 Nd4 12. Qd2 Bd7 13. Be3 Ne6 14. Nd5 Rc6
15. Nb4 Rc8 16. Nd5 Rc6 17. Bd3 Nxg5 18. Bxg5 Nf6 19. Nb4 Rc8 20. O-O O-O 21.
Rfe1 a5 22. Nc2 Rc5 23. Be3 Rc8 24. h3 Bc6 25. f3 d5 26. exd5 Nxd5 27. Bd4
Bxd4+ 28. Nxd4 Qb6 29. Qf2 e6 30. Nxc6 Qxf2+ 31. Kxf2 Rxc6 32. Be4 f5 33. Bxd5
exd5 34. Rad1 Rc2+ 35. Re2 Rxe2+ 36. Kxe2 Rd8 37. Kd3 Kf7 38. Rc1 Ke6 39. Rc5
b6 40. Rc6+ Rd6 41. Rc7 Rd7 42. Rc6+ Rd6 1/2-1/2

[Event "4NCL Division Four"]
[Site "Warwick, ENG"]
[Date "2024.03.09"]
[Round "7.113"]
[White "Collins, Nigel"]
[Black "Shiva, Shrishti"]
[Result "1/2-1/2"]
[WhiteElo "1504"]
[BlackElo "1346"]
[PlyCount "39"]
[EventDate "2024.03.09"]
[WhiteTeam "War and Piece B"]
[BlackTeam "She Plays To Win Young Stars B"]

1. c4 e5 2. Nc3 Nc6 3. g3 Nf6 4. Bg2 Bc5 5. e3 a6 6. Nge2 h6 7. d4 exd4 8. exd4
Bd6 9. c5 Be7 10. d5 Ne5 11. d6 cxd6 12. cxd6 Bf8 13. Bf4 Ng6 14. O-O Qb6 15.
Re1 Nxf4 16. Nxf4+ Kd8 17. Nfd5 Qxd6 18. Nxf6 Qxf6 19. Qe2 Qe6 20. Qf3 1/2-1/2

[Event "4NCL Division Four"]
[Site "Warwick, ENG"]
[Date "2024.03.09"]
[Round "7.114"]
[White "Lowe, Catherine"]
[Black "Rogers, Jonathan"]
[Result "1-0"]
[WhiteElo "1266"]
[BlackElo "1400"]
[PlyCount "53"]
[EventDate "2024.03.09"]
[WhiteTeam "She Plays To Win Young Stars B"]
[BlackTeam "War and Piece B"]

1. e4 Nc6 2. Nf3 e5 3. Bb5 Nf6 4. Bxc6 bxc6 5. O-O Bc5 6. d3 d6 7. Nc3 O-O 8.
Qe2 Ba6 9. Be3 Bb6 10. a4 d5 11. Bxb6 cxb6 12. exd5 cxd5 13. Qxe5 Re8 14. Qf4
Rc8 15. Rfe1 Qd7 16. Rxe8+ Rxe8 17. Kf1 Ne4 18. Re1 Nxc3 19. Rxe8+ Qxe8 20.
bxc3 Qc6 21. Qxf7+ Kxf7 22. Ne5+ Ke6 23. Nxc6 Kd7 24. Nxa7 Kd6 25. Nb5+ Kc5 26.
Nd4 g5 27. Ne6+ 1-0

[Event "4NCL Division Four"]
[Site "Warwick, ENG"]
[Date "2024.03.09"]
[Round "7.115"]
[White "Bradley, Eric"]
[Black "Van Neerven, Yvon"]
[Result "1-0"]
[WhiteElo "1397"]
[BlackElo "975"]
[PlyCount "123"]
[EventDate "2024.03.09"]
[WhiteTeam "War and Piece B"]
[BlackTeam "She Plays To Win Young Stars B"]

1. b3 d5 2. Bb2 Nc6 3. e3 Nf6 4. Bb5 Bd7 5. Ne2 Na5 6. Bxd7+ Qxd7 7. O-O e6 8.
Qe1 c5 9. d3 Nc6 10. Bxf6 gxf6 11. a3 e5 12. Nbc3 d4 13. Ne4 Be7 14. f4 f5 15.
Nd2 dxe3 16. Nc4 Nd4 17. Nxe3 Nxe2+ 18. Qxe2 exf4 19. Rxf4 O-O-O 20. Rxf5 Qe6
21. Raf1 b6 22. Qf3 Rhg8 23. Qa8+ Kd7 24. Qxa7+ Ke8 25. Qa4+ Rd7 26. Nd5 b5 27.
Qxb5 Qd6 28. a4 f6 29. a5 Kf7 30. Qc4 Kg7 31. R1f4 Qe6 32. Kf2 Rgd8 33. Nxe7
Qxe7 34. Qxc5 Qd6 35. Rg4+ Kh8 36. Qxd6 Rxd6 37. b4 Rb8 38. b5 Ra8 39. a6 Rb8
40. Ke3 Rdb6 41. c4 Rd6 42. d4 Ra8 43. c5 Rd7 44. Rxf6 Rda7 45. d5 Rb8 46. Rb6
Re8+ 47. Kd4 h5 48. Rg5 Rf7 49. Rh6+ Rh7 50. Rxh7+ Kxh7 51. b6 Kh6 52. Re5 Rf8
53. c6 Kg7 54. a7 Rf4+ 55. Re4 h4 56. Rxf4 h3 57. gxh3 Kh7 58. a8=R Kg7 59. b7
Kh7 60. b8=Q Kg7 61. Qg8+ Kh6 62. Rh4# 1-0

[Event "4NCL Division Four"]
[Site "Warwick, ENG"]
[Date "2024.03.09"]
[Round "7.121"]
[White "Wilks, Simon"]
[Black "Wells, Daniel J"]
[Result "1/2-1/2"]
[WhiteElo "1956"]
[BlackElo "2112"]
[PlyCount "45"]
[EventDate "2024.03.09"]
[WhiteTeam "Iceni 2"]
[BlackTeam "War and Piece A"]

1. e4 c5 2. Nc3 Nc6 3. Bb5 Nd4 4. Nf3 g6 5. O-O Bg7 6. Nxd4 cxd4 7. Ne2 e6 8.
d3 Ne7 9. Ba4 O-O 10. Bg5 d6 11. Qd2 a6 12. f4 Qc7 13. f5 exf5 14. Bh6 Qc5 15.
Bxg7 Kxg7 16. Ng3 h6 17. Bb3 Be6 18. Bxe6 fxe6 19. Rae1 e5 20. exf5 Nxf5 21.
Nxf5+ Rxf5 22. Rxf5 gxf5 23. Qf2 1/2-1/2

[Event "4NCL Division Four"]
[Site "Warwick, ENG"]
[Date "2024.03.09"]
[Round "7.122"]
[White "Tucker, David S"]
[Black "Feavyour, John A"]
[Result "0-1"]
[WhiteElo "1969"]
[BlackElo "1863"]
[PlyCount "130"]
[EventDate "2024.03.09"]
[WhiteTeam "War and Piece A"]
[BlackTeam "Iceni 2"]

1. e4 c5 2. Nf3 d6 3. d4 cxd4 4. Nxd4 Nf6 5. Nc3 a6 6. g3 e5 7. Nb3 Be7 8. Bg2
Be6 9. O-O O-O 10. Re1 Nbd7 11. Nd2 Rc8 12. Nf1 Nb6 13. Ne3 Qd7 14. Ncd5 Bd8
15. b3 Nfxd5 16. exd5 Bh3 17. c4 Bxg2 18. Nxg2 f5 19. f4 Bf6 20. Bb2 e4 21. Rb1
Qd8 22. Qe2 a5 23. Ne3 Bxb2 24. Qxb2 Nd7 25. b4 axb4 26. Qxb4 Nc5 27. Re2 Qf6
28. Qb2 Kf7 29. Qxf6+ Kxf6 30. Rb6 Rfd8 31. Kg2 Ra8 32. h3 h5 33. h4 Ra3 34.
Kf2 g6 35. Rc2 Ke7 36. Ke2 Rda8 37. Rbb2 R8a7 38. Rd2 Nd3 39. Rbc2 Nb4 40. Rb2
Nxa2 41. c5 dxc5 42. d6+ Kd7 43. Nc4 Nc3+ 44. Kf1 Ra1+ 45. Kg2 e3 46. Nxe3 Ne4
47. Rdc2 R7a3 48. Nc4 Rxg3+ 49. Kh2 Rc3 50. Rxc3 Nxc3 51. Rd2 Ra2 52. Ne5+ Ke6
53. Rxa2 Nxa2 54. d7 Ke7 55. Kg3 c4 56. Nxg6+ Kxd7 57. Ne5+ Ke6 58. Nxc4 b5 59.
Nb2 Kd5 60. Kf3 Kd4 61. Nd1 b4 62. Ne3 b3 63. Nxf5+ Kd3 64. Ng3 b2 65. Ne4 b1=Q
0-1

[Event "4NCL Division Four"]
[Site "Warwick, ENG"]
[Date "2024.03.09"]
[Round "7.123"]
[White "Kent, Rowan"]
[Black "Echavarria Hidalgo, Fernando"]
[Result "0-1"]
[WhiteElo "1676"]
[BlackElo "1775"]
[PlyCount "140"]
[EventDate "2024.03.09"]
[WhiteTeam "Iceni 2"]
[BlackTeam "War and Piece A"]

1. e4 c5 2. Nf3 d6 3. d4 cxd4 4. Nxd4 Nf6 5. Nc3 a6 6. Be2 e5 7. Nb3 b5 8. a3
Bb7 9. Bf3 Be7 10. Be3 O-O 11. Qd2 Qc7 12. Rd1 Nbd7 13. O-O Rac8 14. Rfe1 Nb6
15. Bxb6 Qxb6 16. Qe3 Qc7 17. Re2 h6 18. Qd3 Rfd8 19. h3 Qb8 20. Na5 Ba8 21.
Nb3 Rc4 22. Na5 Rd4 23. Qe3 Qb6 24. Nb3 Rxd1+ 25. Nxd1 Qxe3 26. Rxe3 Rc8 27.
Rc3 Rxc3 28. Nxc3 Bd8 29. Kf1 Bb6 30. Ke1 Kf8 31. g4 Ke8 32. Bg2 Kd7 33. f3 Ke6
34. Ke2 d5 35. Kd3 dxe4+ 36. fxe4 Bb7 37. Ke2 Bd4 38. Kd3 Bf2 39. Ke2 Bd4 40.
Kd3 Bb6 41. Ke2 Kd6 42. Nd2 h5 43. Bf3 hxg4 44. Bxg4 Nxg4 45. hxg4 Bc8 46. Kf3
Be6 47. Nf1 g6 48. Ng3 Bg1 49. Nce2 Bc5 50. b4 Bb6 51. c3 a5 52. Nc1 a4 53.
Nce2 Bb3 54. Nf1 Bd1 55. Nfg3 Bd8 56. Ke3 Bg5+ 57. Kf2 Bh4 58. Ke3 Bxg3 59.
Nxg3 Bxg4 60. Kd3 Be6 61. Ne2 f5 62. exf5 gxf5 63. Ng3 Kd5 64. Ne2 f4 65. Kd2
Kc4 66. Kc2 Bg4 67. Nc1 f3 68. Nd3 Bf5 69. Kb2 Bxd3 70. Kc1 Kxc3 0-1

[Event "4NCL Division Four"]
[Site "Warwick, ENG"]
[Date "2024.03.09"]
[Round "7.124"]
[White "Tenin, Aleksander"]
[Black "Hardman, Daniel"]
[Result "1-0"]
[WhiteElo "2050"]
[BlackElo "1858"]
[PlyCount "63"]
[EventDate "2024.03.09"]
[WhiteTeam "War and Piece A"]
[BlackTeam "Ashfield 2"]

1. e4 c6 2. Nc3 d5 3. exd5 cxd5 4. d4 Nc6 5. Bf4 Bf5 6. Be2 e6 7. g4 Bg6 8. h4
h6 9. Nf3 Nf6 10. Ne5 Bb4 11. Nxg6 fxg6 12. Qd3 Ne4 13. f3 Nxc3 14. bxc3 Qf6
15. Be5 Nxe5 16. dxe5 Qxe5 17. Qb5+ Kf7 18. Qxb4 Rac8 19. Kd2 d4 20. cxd4 Rxc2+
21. Kxc2 Qxe2+ 22. Kb3 Qxf3+ 23. Qc3 Qd5+ 24. Qc4 Qf3+ 25. Ka4 b5+ 26. Qxb5 Qe4
27. Qd7+ Kg8 28. Rac1 Kh7 29. h5 g5 30. Rhe1 Qd3 31. Qxe6 Qxd4+ 32. Rc4 1-0